Szczegóły MARC21

The beginnings of the cinema in England.

005 -DATA I CZAS OSTATNIEJ MODYFIKACJI [,]
    • @
    • pole kontrolne
    • 20070315155141.9
020 -Międzynarod. znormalizowany nr książki - ISBN [ , ]
    • a
    • Numer ISBN
    • 0715370898 Find
    • z
    • Błędny ISBN (P)
    • 0064903176 Find
040 -Instytucja sporządzająca opis [ , ]
    • a
    • Instytucja, która sporządziła opis (NP)
    • SZCZ U
    • c
    • Instytucja, która sporządziła rekord (NP)
    • SZCZ U
041 -Język dokumentu [0, ]
    • a
    • Język tekstu (P)
    • angielski
    • h
    • Język tekstu oryginalnego i/lub pośredniego (P)
    • angielski
942 -Rodzaj dokumentu [ , ]
    • c
    • Rodzaj dokumentu
    • Książka
245 -Strefa tytułu i oznaczenia odpowiedzialności [0, ]
    • a
    • Tytuł
    • The beginnings of the cinema in England. Find
260 -Strefa adresu wydawniczego [ , ]
    • a
    • Miejsce wydania (P)
    • London ; New York :
    • b
    • Nazwa wydawcy (P)
    • D.David and Charles,
    • c
    • Data wydania (P)
    • 1976.
300 -Strefa opisu fizycznego [ , ]
    • a
    • Określenie formy książki i/lub objętość (NP)
    • 240 s. :
    • b
    • Oznaczenie ilustracji (NP)
    • il. :
    • c
    • Format (NP)
    • 26 cm.
500 -Uwaga ogólna [ , ]
    • a
    • Uwaga ogólna (NP)
    • Bibliogr. Ind
080 -Uniwersalna Klasyfikacja Dziesiętna [ , ]
    • a
    • Symbol klasyfikacji
    • 791.43(091)(410)=20
980 -Symbol UKD [ , ]
    • a
    • UKD
    • 791.43(091)(410)=20
700 -Hasło dodatkowe - nazwa osobowa [ , ]
    • a
    • Nazwa osobowa (NP)
    • Barnes John Find
920 -ISBN [ , ]
    • a
    • ISBN
    • 0-7153-7089-8 Find
    • z
    • Błędny ISBN
    • 0-06-490317-6 Find
Numer inwentarzowy Status udost. Data inwentaryzacji Lokalizacja Sygnatura
A.453211996-07-30BMANG. Sztuka Wielkiej Bryt. 06